000 00564nam a22001937a 4500
999 _c331024
_d331024
003 NUST
005 20180117090030.0
008 170829b xxu||||| |||| 00| 0 eng d
020 _a9780335228713
040 _cNUST
082 _a361.06
100 _aJohn McLeod
_94417
245 _aThe counsellor's workbook
250 _a2nd ed.
260 _aNew York
_bMcGraw-Hill
_c2010
300 _a228 p
942 _2ddc
_cBK